[Event "BCF-chT4S 1718 (4NCL)"]
[White "Olaleye, Oladejo"]
[Black "Watson, Jacob"]
[Site "England"]
[Round "5.64"]
[Result "1/2-1/2"]
[Date "2018.02.10"]
[WhiteElo "1770"]
[BlackElo "1881"]
[PlyCount "152"]
[EventDate "2017.11.11"]
[EventType "team-swiss"]
[EventRounds "11"]
[EventCountry "ENG"]
[SourceTitle "EXT 2020"]
[Source "ChessBase"]
[SourceDate "2019.10.17"]
[SourceVersion "1"]
[SourceVersionDate "2019.10.17"]
[SourceQuality "1"]
[WhiteTeam "Throw in the Tal"]
[BlackTeam "KJCA Young Kestrels"]
[WhiteTeamCountry "ENG"]
[BlackTeamCountry "ENG"]

1. e4 e5 2. Nf3 Nc6 3. Bb5 a6 4. Ba4 Nf6 5. 0-0 d6 6. Bxc6+ bxc6 7. d4 exd4 8. Nxd4 Bd7 9. Bg5 Be7 10. Nc3 0-0 11. f4 h6 12. Bh4 Nxe4 13. Bxe7 Qxe7 14. Re1 d5 15. Qf3 Qc5 16. Rad1 Nxc3 17. Qxc3 Qxc3 18. bxc3 Rfe8 19. Rxe8+ Rxe8 20. Kf2 Kf8 21. Nb3 Bg4 22. Re1 Rxe1 23. Kxe1 Ke7 24. Nc5 Bc8 25. Kd2 Kd6 26. Nd3 f6 27. Ke3 c5 28. h3 a5 29. g4 c4 30. Nc1 f5 31. g5 hxg5 32. fxg5 Ke5 33. Ne2 Bd7 34. h4 Be8 35. Nf4 c5 36. h5 d4+ 37. cxd4+ cxd4+ 38. Kf3 Bf7 39. h6 gxh6 40. gxh6 Kf6 41. a3 Bg8 42. Ne2 Bd5+ 43. Kf4 d3 44. cxd3 cxd3 45. Nc3 Be4 46. Ke3 Kg6 47. Nb5 Kxh6 48. Nd6 Kg5 49. Nc4 a4 50. Nb2 Kf6 51. Nxa4 Ke5 52. Nb2 f4+ 53. Kd2 Kd4 54. a4 f3 55. Nd1 Bb7 56. Nf2 Ba6 57. a5 Bb5 58. Nd1 Ba6 59. Nf2 Bc4 60. Nd1 Ke4 61. Nf2+ Kf4 62. Nd1 Kg3 63. Ke3 Ba6 64. Nf2 Kg2 65. Nd1 Bb5 66. Nf2 d2 67. Nd1 Be2 68. a6 Bxa6 69. Kxd2 Be2 70. Ne3+ Kf2 71. Nf5 Kg1 72. Ne3 Kh2 73. Ke1 Kg3 74. Nf5+ Kg2 75. Nh4+ Kg3 76. Nxf3 Bxf3 1/2-1/2

[Event "BCF-chT4S 1718 (4NCL)"]
[White "Ignatovic, Ernest"]
[Black "Olaleye, Oladejo"]
[Site "England"]
[Round "3.55"]
[Result "0-1"]
[Date "2018.01.13"]
[WhiteElo "1688"]
[BlackElo "1770"]
[PlyCount "74"]
[EventDate "2017.11.11"]
[EventType "team-swiss"]
[EventRounds "11"]
[EventCountry "ENG"]
[SourceTitle "EXT 2020"]
[Source "ChessBase"]
[SourceDate "2019.10.17"]
[SourceVersion "1"]
[SourceVersionDate "2019.10.17"]
[SourceQuality "1"]
[WhiteTeam "All Anands on Deck"]
[BlackTeam "Throw in the Tal"]
[WhiteTeamCountry "ENG"]
[BlackTeamCountry "ENG"]

1. d4 d5 2. Nf3 Nf6 3. g3 Nc6 4. Bg2 Bg4 5. 0-0 h5 6. Bf4 Bxf3 7. Bxf3 h4 8. c4 hxg3 9. fxg3 Qd7 10. Bg2 0-0-0 11. Nc3 dxc4 12. d5 Nb4 13. Qd4 Kb8 14. Qxc4 Na6 15. Nb5 e6 16. d6 cxd6 17. Rfd1 Nd5 18. Bxd5 exd5 19. Qxd5 Qh3 20. Qg2 Qf5 21. Rd5 Qc2 22. Qf2 b6 23. Rc1 Qxb2 24. Rc6 Kb7 25. Rc3 Qxa2 26. Qf3 Kb8 27. Bxd6+ Bxd6 28. Qxf7 Qb1+ 29. Kg2 Qe4+ 30. Rf3 Qxe2+ 31. Rf2 Qe4+ 32. Kg1 Bc7 33. Nxc7 Nxc7 34. Rxd8+ Rxd8 35. Qa2 Rd1+ 36. Rf1 Rxf1+ 37. Kxf1 Qh1+ 0-1

[Event "BCF-chT4S 1617 (4NCL)"]
[White "Olaleye, Oladejo"]
[Black "Woodcock, Keith D"]
[Site "England"]
[Round "5.85"]
[Result "1-0"]
[Date "2017.02.11"]
[WhiteElo "1885"]
[BlackElo "1690"]
[PlyCount "147"]
[EventDate "2016.11.26"]
[EventType "team-swiss"]
[EventRounds "11"]
[EventCountry "ENG"]
[SourceTitle "EXT 2019"]
[Source "ChessBase"]
[SourceDate "2018.10.10"]
[SourceVersion "1"]
[SourceVersionDate "2018.10.10"]
[SourceQuality "1"]
[WhiteTeam "Throw in the Tal"]
[BlackTeam "Anglian Avengers III"]
[WhiteTeamCountry "ENG"]
[BlackTeamCountry "ENG"]

1. e4 c5 2. Bc4 g6 3. Nc3 Bg7 4. d3 Nc6 5. f4 d6 6. Nf3 Nf6 7. e5 dxe5 8. fxe5 Ng4 9. e6 Bxe6 10. Bxe6 fxe6 11. h3 Nf6 12. Ng5 Qd7 13. Be3 b6 14. 0-0 0-0 15. Rb1 h6 16. Nge4 Nd5 17. Bd2 Rxf1+ 18. Qxf1 Rf8 19. Qc1 Kh7 20. Ne2 Nf6 21. N4g3 e5 22. a3 Nd4 23. b4 Nxe2+ 24. Nxe2 e4 25. Rb3 exd3 26. Rxd3 Qc6 27. Nf4 Ne4 28. Be3 cxb4 29. axb4 Rc8 30. Nd5 Qxc2 31. Qxc2 Rxc2 32. Nxe7 Rb2 33. Nc6 a5 34. bxa5 bxa5 35. Rd7 Rb1+ 36. Kh2 Kg8 37. Ra7 Bc3 38. Bxh6 Be1 39. Bf4 Bh4 40. Ne7+ Bxe7 41. Rxe7 Nc5 42. Ra7 Ra1 43. Be5 Re1 44. Bc3 Rc1 45. Bxa5 Ra1 46. Kg3 Nb3 47. Bb6 Rxa7 48. Bxa7 Kf7 49. Kf4 Nd2 50. h4 Nc4 51. Bd4 Nd6 52. Bc3 Nf5 53. Kg5 Ng3 54. Be1 Ne4+ 55. Kf4 Nd6 56. g4 Nc4 57. Bb4 Nb6 58. Kg5 Kg7 59. Bc3+ Kh7 60. Ba5 Nc4 61. Bd8 Nd6 62. Kf6 Ne4+ 63. Ke5 Nf2 64. Kf4 Nd3+ 65. Ke4 Nf2+ 66. Kf3 Nd3 67. Bc7 Nb4 68. Ke4 Nc2 69. Bb6 Ne1 70. Bf2 Nc2 71. Kd5 Kg7 72. Kc4 Na3+ 73. Kb4 Nc2+ 74. Kb3 1-0

[Event "BCF-chT4 1516 (4NCL)"]
[White "Olaleye, Oladejo"]
[Black "Ukken, Somton"]
[Site "England"]
[Round "1.99"]
[Result "0-1"]
[Date "2015.11.14"]
[WhiteElo "1756"]
[BlackElo "1887"]
[PlyCount "110"]
[EventDate "2015.11.14"]
[EventType "team-swiss"]
[EventRounds "11"]
[EventCountry "ENG"]
[SourceTitle "EXT 2017"]
[Source "ChessBase"]
[SourceDate "2016.10.25"]
[SourceVersion "1"]
[SourceVersionDate "2016.10.25"]
[SourceQuality "1"]
[WhiteTeam "Throw in the Tal"]
[BlackTeam "Iceni"]
[WhiteTeamCountry "ENG"]
[BlackTeamCountry "ENG"]

1. e4 d5 2. e5 c5 3. f4 Nc6 4. Nf3 Bf5 5. c3 e6 6. Be2 c4 7. 0-0 Bc5+ 8. Kh1 Nge7 9. d4 cxd3 10. Bxd3 Bxd3 11. Qxd3 Nf5 12. b4 Bb6 13. b5 Na5 14. Nd4 Bxd4 15. cxd4 Qb6 16. Rd1 0-0 17. a4 Rfc8 18. Na3 Qxd4 19. Qxd4 Nxd4 20. Rb1 Ne2 21. Re1 Nc3 22. Rb4 Na2 23. Rb1 Nc3 24. Rb4 Ne4 25. Bb2 Nf2+ 26. Kg1 Nd3 27. Rd1 Nxb4 28. Kf2 Nc4 29. Bc1 Nxa3 30. Bxa3 Rc2+ 31. Kf1 Rc4 32. g3 Nc2 33. Bc1 Rxa4 34. f5 Ra1 35. Ke2 Nd4+ 36. Rxd4 Rxc1 37. f6 Rc4 38. Rd1 a5 39. bxa6 Rxa6 40. Rb1 b6 41. h4 gxf6 42. exf6 h6 43. Rb2 Rc6 44. g4 Ra8 45. g5 hxg5 46. hxg5 Kh7 47. Kf3 Ra3+ 48. Kf4 Ra4+ 49. Ke3 Kg6 50. Kd3 Rh4 51. Rg2 Rcc4 52. Kd2 b5 53. Kd3 b4 54. Rg1 b3 55. Rb1 Rh3+ 0-1

[Event "BCF-ch U160"]
[White "Jazdzewski, Daniel"]
[Black "Olaleye, Oladejo"]
[Site "Coventry"]
[Round "3"]
[Result "1-0"]
[Date "2015.08.05"]
[WhiteElo "1872"]
[BlackElo "149"]
[PlyCount "151"]
[EventDate "2015.08.03"]
[EventType "swiss"]
[EventRounds "5"]
[EventCountry "ENG"]
[SourceTitle "CBM 167 Extra"]
[Source "ChessBase"]
[SourceDate "2015.09.14"]
[SourceVersion "1"]
[SourceVersionDate "2015.09.14"]
[SourceQuality "1"]

1. c4 e5 2. g3 Nf6 3. Bg2 Be7 4. Nc3 0-0 5. Nf3 d6 6. 0-0 Nc6 7. d3 h6 8. a3 Bg4 9. Ne1 Qd7 10. f4 Bh3 11. Nd5 Nxd5 12. cxd5 Nd8 13. Bxh3 Qxh3 14. f5 Qg4 15. Be3 h5 16. Ng2 h4 17. gxh4 Bxh4 18. Kh1 Bf6 19. Rf3 Kh7 20. Qf1 Rh8 21. Rg3 Qh5 22. Nf4 exf4 23. Rh3 Bh4 24. Bf2 Kg8 25. Rxh4 Qxf5 26. Rxh8+ Kxh8 27. Qg2 Qe5 28. d4 Qh5 29. Rg1 g6 30. Qe4 Kg7 31. Qxf4 Qxd5+ 32. e4 Qh5 33. d5 Qe5 34. Qh4 f5 35. Qg5 Qxe4+ 36. Rg2 Qb1+ 37. Rg1 Qe4+ 38. Rg2 Qxd5 39. Bd4+ Kf8 40. Qxg6 Qxd4 41. Qg8+ Ke7 42. Rg7+ Qxg7 43. Qxg7+ Nf7 44. Qh7 f4 45. Qh4+ Kd7 46. Qxf4 Ne5 47. Qf5+ Kc6 48. Qe4+ Kb6 49. Qb4+ Kc6 50. a4 a6 51. Qe4+ Kb6 52. b4 c6 53. Qd4+ Kc7 54. a5 Rb8 55. Qh4 Rd8 56. Qf2 Nc4 57. Qf7+ Rd7 58. Qxc4 d5 59. Qf4+ Kd8 60. Qb8+ Ke7 61. Qe5+ Kf7 62. Qd4 Re7 63. Kg2 Re4 64. Qb6 Re7 65. Kf3 Kg6 66. Qc5 Rf7+ 67. Kg4 Kf6 68. Qd6+ Kg7 69. Kg5 Rf2 70. h4 Rg2+ 71. Kh5 Kh7 72. Qd7+ Rg7 73. Qf5+ Kg8 74. Kh6 Rf7 75. Qc8+ Rf8 76. Qg4+ 1-0